000 00681nas a2200241 4500
001 BR9507670
003 BR-BrBNA
005 20231205094513.0
007 ta
008 230509b bl.|||p| |||| 00| 00por d
040 _aBR-BrBNA
_bpor
_cBiblioteca Nacional de Agricultura
041 _a(Pt)
072 _aH20
100 1 _aBleicher, J.
100 1 _aBerton, O.
245 1 _aEpidemiologia e controle da crespeira do pessegueiro
650 _aPessego
650 _aCrespeira
650 _aFungo
773 0 _tAgropecuaria Catarinense (Brazil)
_xISSN 0103-0779
_g(Jun 1995), v. 8(2) p. 20-22
_wBR9507670
909 _a202311
_bLúcia
_c55
_dLúcia Elande
942 _2AGRIS
_n0
_cANA
999 _c144801
_d144801